00648nam a2200205Ia 4500003000500000008004100005020001700046040001900063082000700082100001800089245006400107246003200171260005000203300001000253365000700263546001400270942001900284999001700303952012200320STCL230726s9999 xx 000 0 und d a817705614070 aSTCLcSTCLbEN 222 aPanikkar, G N 0aനീരുറവകൾക്ക് ഒരു ഗീതം aNeeruravakalkku oru geetham bPrabhath Book HouseaThiruvananthapuramc2011 a152 p b95 aMalayalam 2DDCe22cBKDDC c89727d89727 00102DDC4070aSTCALbSTCALcGENd2023-07-26l1oM814 PAN-Np98788r2026-03-21 11:08:35s2025-11-11w2023-07-26yBK